00458nam 2200145 45000010005000001000041000051010008000462000093000542100051001476060022001986060025002206070011002457100036002568010020002925649 a20190729k u||y0frey50 ba afre aLa lutte des femmes dans l'habillement et le textilebBrochurefService formation du PSU aParis, FrancecParti socialiste unifié (PSU) aMouvement ouvrier aCondition féminine aFrance aParti Socialiste Unifié (PSU) aCHbCH-002049-8